Guess the random Taylor Swift Song Lyrics 126 - Statistics

General Stats
  • This quiz has been taken 37 times
  • The average score is 141 of 249
Answer Stats
Answer % Correct
I
100%
a
97%
"You
97%
you
97%
it
90%
the
90%
"The
90%
The
90%
"I'm
87%
is
87%
to
87%
my
84%
on
84%
your
84%
be
81%
in
81%
In
81%
me
81%
No
81%
and
77%
this
77%
"This
77%
we're
77%
We're
77%
when
77%
You're
74%
you're
74%
if
71%
of
71%
that
71%
They
71%
they
71%
All
68%
all
68%
did
68%
Do
68%
know
68%
say"
68%
But
65%
but
65%
It's
65%
like
65%
not
65%
one
65%
she
65%
her
61%
I'd
61%
see
61%
life
58%
light
58%
look
58%
so
58%
You'd
58%
at
55%
die
55%
Die
55%
want
55%
Bow
52%
Clara
52%
loving
52%
never
52%
small
52%
Swift
52%
Taylor
52%
think
52%
town
52%
just
48%
LA
48%
lips
48%
real
48%
don't
45%
Down
45%
got
45%
Manhattan"
45%
Nicks
45%
Remarkable
45%
Stevie
45%
thing
45%
trying
45%
hair
42%
happened
42%
lights
42%
thought
42%
Thought
42%
You've
42%
beast
39%
Beauty
39%
dazzling"
39%
Dazzling"
39%
might
39%
Only
39%
air
35%
Breath
35%
earth
35%
edge
35%
exaggerate
35%
fake
35%
made
35%
"more"
35%
these
35%
fresh
32%
give
32%
hell
32%
new
32%
picked
32%
Promise
32%
rose"
32%
Take
32%
through
32%
'75
29%
bright
29%
Demanding
29%
everything
29%
fours
29%
future's
29%
goes
29%
roars
29%
smoke
29%
wild
29%
come
26%
fingertips
26%
glory
26%
heavenly
26%
let
26%
Crowd
23%
meet
23%
rings
23%
gently
19%
girlish
19%
glow
19%
god
19%
queen
19%
suits
19%
war
19%
worshipping
19%
eclipse"
16%
Flickers
16%
full
16%
Half
16%
blood
13%
breaks
13%
crown
13%
machines
13%
moonshine
13%
amongst
10%
Flesh
10%
stained
10%
Them's
10%
No matching quizzes found
Score Distribution
Percent of People with Each Score
Percentile by Number Answered
Your Score History
You have not taken this quiz